00589nam a2200205Ia 450000500170000000800410001702000150005804000180007304100080009108200230009910000190012224500710014125000120021226000420022430000220026665000210028865000220030965000310033165000210036220220716104838.0210716s2002 xx 000 0 und d a8177221930 cAIMIT LIBRARY aeng a005.2766 21bANDT aAnderson, Tim. aVisual basic. net programming :bIn easy steps /cBy Tim Anderson. a1st ed. aNew Delhi :bDreamtech Press ,c2002. a192p. ;c23.5 cm. aBasic essentials aObject essentials aCreating database programs aTips for experts